| 000 | 01337nam a2200373 a 4500 | ||
|---|---|---|---|
| 003 | CHAP | ||
| 005 | 20220329143711.0 | ||
| 008 | 110221s1983 fr a r 10000 eng d | ||
| 010 | _a100557 | ||
| 011 | _a101529 | ||
| 020 | _a2852062100 | ||
| 035 | _a112217 | ||
| 040 | _cCHAP | ||
| 082 | 0 | 4 |
_a641 _bC69 |
| 111 | 2 |
_aColloque International sur les Arômes Alimentaires ( _d1982 : _cParis) _925307 |
|
| 245 | 1 | 0 |
_aColloque International sur les Arômes Alimentaires [trabajos] _c/ coordinado por J. Adda y H. Richard |
| 260 |
_aParis : _bTechnique et Documentation - Lavoisier, _cc1983 |
||
| 300 |
_a243 p. : _bilus., gráfs, tablas |
||
| 500 | _aEn dos idiomas (Inglés y Francés) | ||
| 590 |
_aBATCH-UPD _b10 _c20130110 _lUCH01 _h1149 |
||
| 590 |
_aBATCH-UPD _b10 _c20130410 _lUCH01 _h0734 |
||
| 590 |
_aBATCH-UPD _b10 _c20130914 _lUCH01 _h0222 |
||
| 590 |
_aCONVERSION _b10 _c20130109 _lUCH01 _h1355 |
||
| 650 | 1 | 4 |
_aAlimentos _xAroma. _94169 |
| 650 | 1 | 4 |
_aAlimentos _xCongresos. _94178 |
| 650 | 1 | 4 |
_aAlimentos _xSabor. _94279 |
| 700 | 0 |
_aAdda, Josette _e, coord. _9883 |
|
| 700 | 0 |
_aRichard, Henri _e, coord. _997242 |
|
| 711 | 2 | 2 |
_aInternational Symposium on Food Flavors ( _d1982 : _cParis) _959907 |
| 901 | _aBK | ||
| 911 | _aen proceso | ||
| 942 | _cLIBRO | ||
| 949 |
_a641 C69 _bBC _cLIBRO _d33724002231793 _eLIBRO _h114283 _i112217 _sb |
||
| 999 |
_c100557 _d100557 |
||